| 000 | 00400nam a22001697a 4500 | ||
|---|---|---|---|
| 003 | OSt | ||
| 008 | 260224b |||||||| |||| 00| 0 eng d | ||
| 020 | _a9789350022337 | ||
| 082 | _a335.412 AIR | ||
| 100 | _aALTHUSSER,Louis | ||
| 245 | _aReading Capital | ||
| 250 | _a1st Ed Reprint | ||
| 260 |
_aNew Delhi _bAakar Books _c2022 |
||
| 300 | _a383p | ||
| 700 | _aBALIBAR,Etienne | ||
| 942 |
_2ddc _cREF |
||
| 999 |
_c13855 _d13855 |
||